| 000 -LEADER |
| fixed length control field |
01578pab a2200169 454500 |
| 008 - FIXED-LENGTH DATA ELEMENTS--GENERAL INFORMATION |
| fixed length control field |
180718b2000 xxu||||| |||| 00| 0 eng d |
| 100 ## - MAIN ENTRY--PERSONAL NAME |
| Personal name |
Adeola, Francis O. |
| 245 ## - TITLE STATEMENT |
| Title |
Cross-national environmental injustice and human rights issues: a review of evidence in the developing world |
| 260 ## - PUBLICATION, DISTRIBUTION, ETC. |
| Date of publication, distribution, etc. |
2000 |
| 300 ## - PHYSICAL DESCRIPTION |
| Extent |
p.686-706 |
| 362 ## - DATES OF PUBLICATION AND/OR SEQUENTIAL DESIGNATION |
| Dates of publication and/or sequential designation |
Jan |
| 520 ## - SUMMARY, ETC. |
| Summary, etc. |
This article focuses on the issues of environmental injustice and human rights violations across nations. Using existing documents, the patterns of the transnational toxic waste trade and natural resource exploitation and the bases of global environmental injustice are explored. The dependency/world-system perspective on toxic waste exports and imports and the environmental justice framework are used to analyze transnational toxic waste dumping schemes and resource exploitation in underdeveloped nations. With an emphasis on the Movement for the Survival of the Ogoni People, availabale evidence suggests that environmental activists, powerless indigenous subpopulations, and other minorities face the danger of environmental injustice and human rights abuse, especially under authoritarian regimes. The need for stronger international norms protecting human rights to a safe and sound environment is emphasized, and it is argued that environmental injustice needs to be included as a component of human rights protocols. Policy implications of theoretical analyses are offered. - Reproduced |
| 650 ## - SUBJECT ADDED ENTRY--TOPICAL TERM |
| Topical term or geographic name entry element |
Human rights |
| 650 ## - SUBJECT ADDED ENTRY--TOPICAL TERM |
| Topical term or geographic name entry element |
Environmental law |
| 773 ## - HOST ITEM ENTRY |
| Main entry heading |
American Behavioral Scientist |
| 909 ## - |
| -- |
44224 |